000 01266nam a2200289 a 4500
001 000044386
003 DO-SdBNP
005 20180326160018.0
007 000044386
008 140626s2008 dr a 000 0 spa d
020 _a9789945406740
040 _aBPMET
_bspa
_cBPMET
092 _axxxx
_bH519c, 2008
100 1 _aHenríquez Ureña, Pedro,
_d1884-1946.
245 1 4 _aLos cuentos de la nana Lupe /
_cPedro Henríquez Ureña ; ilustraciones Braulio Brito Martínez ...[et al.].
250 _a2a ed.
260 _aSanto Domingo :
_bFondo Editorial,
_c2008.
300 _a152 P. :
_bil. ;
_c22 cm.
490 1 _vBiblioteca Susaeta
505 0 _tPresentación --
_tPedro Henríquez Ureña --
_tEn los volcanes --
_tEl jauja --
_tCon las brujas --
_tCon las hormigas y la cigarra --
_tCon el cuervo y el coyote --
_tCon las ranas --
_tCon el León --
_tCon el camello --
_tCon el perro --
_tCon el corderito --
_tCon el gallo y la gallinas --
_tCon el zorro azul --
_tCon la cigüeña --
_tCon el burro --
_tCon el burro y el ratón --
650 4 _aCUENTOS DOMINICANOS
650 4 _aLITERATURA DOMINICANA
700 1 2 _aBrito Martínez, Braulio
_eil.
942 _2ddc
_cBK
945 _aRemanejado para la BNPHU / 2018 VM
956 _aVMATEO
_b10
_c20140630
_lBPMSU
_h0069
999 _c7285
_d7285